00953nam a2200289Ia 450000500170000000800410001702000180005802000150007610000290009124500330012025000360015330000250018949000370021450000420025160000670029365000370036065000410039765000310043894200150046926400300048433600270051433700330054133800280057404000350060208400110063799900150064820220317001511.0161108s2016 ck g 000 f s  a9789584230539 a95842305301 aSábato, Ernestod1911-13aEl túnelcErnesto Sábato a1a. edición, 5a reimpresión a189 páginasc21 cm aPlaneta lector : contemporáneo aIncluye datos biográficos del autor14aSabato, Ernestod1911- 2011vCritica E Interpretación974497142LEMBaNovela argentinaySiglo XX142LEMBaLiteratura argentinaySiglo XX142LEMBaNovela psicológica 2loccBKLIT aBogotábPlanetac[2016] atextobtxt2rdacontent asin mediaciónbn2rdamedia avolumenbnc2rdacarrier aCO-BoRNBPbspaerdacCO-BoRNBP aN SAB1 c7175d7175